<?xml version='1.0' encoding='UTF-8'?>
  <record xmlns="http://www.loc.gov/MARC21/slim">
    <leader>00000cam a2200000 i 4500</leader>
    <controlfield tag="001">ocn781899048</controlfield>
    <controlfield tag="003">OCoLC</controlfield>
    <controlfield tag="005">20251212004800.4</controlfield>
    <controlfield tag="008">880217s1891    ne       m    000 0 lat d</controlfield>
    <datafield tag="040" ind1=" " ind2=" ">
      <subfield code="a">NLGGC</subfield>
      <subfield code="b">dut</subfield>
      <subfield code="e">fobidrtb</subfield>
      <subfield code="c">NLGGC</subfield>
      <subfield code="d">OCLCO</subfield>
      <subfield code="d">OCLCF</subfield>
      <subfield code="d">L2U</subfield>
      <subfield code="d">OCLCO</subfield>
      <subfield code="d">OCLCL</subfield>
      <subfield code="d">OCLCQ</subfield>
    </datafield>
    <datafield tag="029" ind1="0" ind2=" ">
      <subfield code="a">NLGGC</subfield>
      <subfield code="b">044179219</subfield>
    </datafield>
    <datafield tag="035" ind1=" " ind2=" ">
      <subfield code="a">(OCoLC)781899048</subfield>
    </datafield>
    <datafield tag="050" ind1=" " ind2="4">
      <subfield code="a">PA3872.Z4</subfield>
      <subfield code="b">M7</subfield>
    </datafield>
    <datafield tag="084" ind1=" " ind2=" ">
      <subfield code="a">18.43</subfield>
      <subfield code="2">bcl</subfield>
    </datafield>
    <datafield tag="100" ind1="1" ind2=" ">
      <subfield code="a">Moltzer, M.N.J.</subfield>
      <subfield code="q">(Marinus Nicolaus Jacobus),</subfield>
      <subfield code="d">1863-1927.</subfield>
      <subfield code="1">https://id.oclc.org/worldcat/entity/E39PCjy8TywrbXxhgV6C3PdWjC</subfield>
    </datafield>
    <datafield tag="245" ind1="1" ind2="0">
      <subfield code="a">De Apollonii Rhodii et Valerii Flacci Argonauticis /</subfield>
      <subfield code="c">Marius Nicolaus Jacobus Moltzer.</subfield>
    </datafield>
    <datafield tag="260" ind1=" " ind2=" ">
      <subfield code="a">Traiecti ad Rhenum :</subfield>
      <subfield code="b">Breijer,</subfield>
      <subfield code="c">1891.</subfield>
    </datafield>
    <datafield tag="300" ind1=" " ind2=" ">
      <subfield code="a">129, ix p. ;</subfield>
      <subfield code="c">23 cm.</subfield>
    </datafield>
    <datafield tag="336" ind1=" " ind2=" ">
      <subfield code="a">tekst</subfield>
      <subfield code="b">txt</subfield>
      <subfield code="2">rdacontent/dut</subfield>
    </datafield>
    <datafield tag="337" ind1=" " ind2=" ">
      <subfield code="a">zonder medium</subfield>
      <subfield code="b">n</subfield>
      <subfield code="2">rdamedia/dut</subfield>
    </datafield>
    <datafield tag="338" ind1=" " ind2=" ">
      <subfield code="a">band</subfield>
      <subfield code="b">nc</subfield>
      <subfield code="2">rdacarrier/dut</subfield>
    </datafield>
    <datafield tag="502" ind1=" " ind2=" ">
      <subfield code="a">Proefschrift (L. en W.) Utrecht.</subfield>
    </datafield>
    <datafield tag="530" ind1=" " ind2=" ">
      <subfield code="a">Ook beschikbaar in microvorm.</subfield>
    </datafield>
    <datafield tag="650" ind1=" " ind2="0">
      <subfield code="a">Argonauts (Greek mythology) in literature.</subfield>
    </datafield>
    <datafield tag="600" ind1="0" ind2="4">
      <subfield code="a">Apollonius,</subfield>
      <subfield code="c">Rhodius,</subfield>
      <subfield code="d">3e E. voor Chr.</subfield>
      <subfield code="0">(NL-LeOCL)069664757</subfield>
    </datafield>
    <datafield tag="600" ind1="1" ind2="4">
      <subfield code="a">Valerius Flaccus, C.</subfield>
      <subfield code="q">(Gaius)</subfield>
      <subfield code="0">(NL-LeOCL)067586856</subfield>
    </datafield>
    <datafield tag="650" ind1=" " ind2="7">
      <subfield code="a">18.43 ancient Greek literature.</subfield>
      <subfield code="0">(NL-LeOCL)077612191</subfield>
      <subfield code="2">bcl</subfield>
    </datafield>
    <datafield tag="650" ind1=" " ind2="7">
      <subfield code="a">Argonauts (Greek mythology) in literature.</subfield>
      <subfield code="2">fast</subfield>
      <subfield code="0">(OCoLC)fst00814330</subfield>
    </datafield>
    <datafield tag="650" ind1="1" ind2="7">
      <subfield code="a">Argonautica (Apollonius Rhodius)</subfield>
      <subfield code="2">gtt</subfield>
      <subfield code="0">(NL-LeOCL)107450569</subfield>
    </datafield>
    <datafield tag="650" ind1="1" ind2="7">
      <subfield code="a">Argonautica (Valerius Flaccus)</subfield>
      <subfield code="2">gtt</subfield>
      <subfield code="0">(NL-LeOCL)101229933</subfield>
    </datafield>
    <datafield tag="600" ind1="0" ind2="7">
      <subfield code="a">Apollonius,</subfield>
      <subfield code="c">Rhodius,</subfield>
      <subfield code="d">3e E. voor Chr.</subfield>
      <subfield code="0">(NL-LeOCL)069664757</subfield>
      <subfield code="2">nta</subfield>
    </datafield>
    <datafield tag="600" ind1="1" ind2="7">
      <subfield code="a">Valerius Flaccus, C.</subfield>
      <subfield code="0">(NL-LeOCL)067586856</subfield>
      <subfield code="2">nta</subfield>
    </datafield>
    <datafield tag="655" ind1=" " ind2="7">
      <subfield code="a">Proefschriften (vorm)</subfield>
      <subfield code="2">gtt</subfield>
      <subfield code="0">(NL-LeOCL)088144445</subfield>
    </datafield>
    <datafield tag="776" ind1="0" ind2=" ">
      <subfield code="t">De Apollonii Rhodii et Valerii Flacci Argonauticis</subfield>
      <subfield code="w">(NL-LeOCL)35799115X</subfield>
    </datafield>
    <datafield tag="936" ind1=" " ind2=" ">
      <subfield code="a">BATCHLOAD</subfield>
    </datafield>
  </record>